000
00250nam a22001217a 4500
008
180126b xxu||||| |||| 00| 0 eng d
041
_a
eng
080
_a
591
100
_a
7
101
_a
zoo
245
_a
animal disase
_c
alfred.s
942
_2
udc
_c
BK
999
_c
40989
_d
40989